Ngọt đắng loòng boong : Tập truyện ngắn

שמור ב:
מידע ביבליוגרפי
מחבר ראשי: Vũ, Quốc Khánh
פורמט: ספר
שפה:Undetermined
יצא לאור: Hà Nội Hội nhà văn 2020
נושאים:
תגים: הוספת תג
אין תגיות, היה/י הראשונ/ה לתייג את הרשומה!
Thư viện lưu trữ: Trung tâm Học liệu Trường Đại học Cần Thơ
LEADER 00588nam a2200193Ia 4500
001 CTU_240241
008 210402s9999 xx 000 0 und d
082 |a 895.9223008 
082 |b Kh107 
100 |a Vũ, Quốc Khánh 
245 0 |a Ngọt đắng loòng boong : 
245 0 |b Tập truyện ngắn 
245 0 |c Vũ Quốc Khánh 
260 |a Hà Nội 
260 |b Hội nhà văn 
260 |c 2020 
650 |a Truyện ngắn Việt Nam,Short stories, Vietnamese 
910 |b nthai 
980 |a Trung tâm Học liệu Trường Đại học Cần Thơ